Hacia una antropología del Estado colombiano : descentralización y gubernamentalidad multicultural /

Detalles Bibliográficos
Autor principal: Duarte, Carlos (Carlos Arturo Duarte Torres) (Autor)
Formato: Electrónico eBook
Lenguaje:español
Publicado: Santiago de Cali : Pontificia Universidad Javeriana, 2018.
Colección:Colección Sentipensando territorios y comunidades.
Materias:
Acceso en línea:Digitalia Hispánica

MARC

LEADER 00000nam a2200000Ii 4500
001 DIGEPUJ0239
003 NyNyDIG
006 m o d
007 cr |||||||||||
008 230214s2018 ck a ob 000 0 spa d
035 |a (OCoLC)1343909207 
040 |a DGITA  |b eng  |e rda  |e pn  |c DGITA 
020 |a 9789585453494  |q eBook 
020 |z 9789585453487 
043 |a s-ck--- 
050 1 4 |a F2270.1.G6 ebook 
100 1 |a Duarte, Carlos  |q (Carlos Arturo Duarte Torres),  |e author. 
245 1 0 |a Hacia una antropología del Estado colombiano :  |b descentralización y gubernamentalidad multicultural /  |c Carlos Duarte. 
264 1 |a Santiago de Cali :  |b Pontificia Universidad Javeriana,  |c 2018. 
300 |a 1 online resource :  |b illustrations. 
336 |a text  |b txt  |2 rdacontent 
337 |a computer  |b c  |2 rdamedia 
338 |a online resource  |b cr  |2 rdacarrier 
347 |a text file  |2 rdaft 
347 |b PDF 
504 |a Includes bibliographical references. 
490 1 |a Colección Sentipensando territorios y comunidades 
588 0 |a Online resource; title from PDF title page (Digitalia, viewed May 4, 2023) 
650 0 |a Indians of South America  |z Colombia  |x Government relations. 
650 0 |a Indians of South America  |z Colombia  |x Politics and government. 
650 0 |a Multiculturalism  |z Colombia. 
650 0 |a Decentralization in government  |z Colombia. 
791 2 |a Digitalia (Firm),  |e distributor. 
793 0 |g Digitalia eBook Collection:  |a Pontificia Universidad Javeriana 
776 0 8 |i Print version:  |a Duarte, Carlos (Carlos Arturo Duarte Torres).  |t Hacia una antropología del Estado colombiano.  |d Santiago de Cali : Pontificia Universidad Javeriana, 2018.  |z 9789585453487 
830 0 |a Colección Sentipensando territorios y comunidades. 
856 4 0 |3 Digitalia Hispánica  |u https://www.digitaliapublishing.com/a/111852/ 
910 |a Premium collection: 2023